[Event "Marienbad Open 2022 - A1 GM Round Robin"]
[Site "Continental hotel, Marianske Lazne"]
[Date "2022.01.15"]
[Round "1"]
[Board "1"]
[White "Stalmach, Richard"]
[Black "Noe, Christopher"]
[Result "1-0"]
[WhiteElo "2308"]
[BlackElo "2530"]
[PlyCount "0"]
[EventDate "2022.01.15"]
[EventRounds "9"]
[EventCountry "CZE"]

1. d4 {[%clk 1:30:53]} Nf6 {[%clk 1:30:49]} 2. c4 {[%clk 1:31:10]} e6
{[%clk 1:31:13]} 3. Nf3 {[%clk 1:31:28]} d5 {[%clk 1:30:40]} 4. Nc3
{[%clk 1:31:26]} dxc4 {[%clk 1:29:00]} 5. e4 {[%clk 1:31:34]} Bb4
{[%clk 1:28:53]} 6. Bxc4 {[%clk 1:30:00]} Nxe4 {[%clk 1:28:54]} 7. O-O
{[%clk 1:30:24]} Nxc3 {[%clk 1:29:17]} 8. bxc3 {[%clk 1:30:50]} Be7
{[%clk 1:29:38]} 9. Re1 {[%clk 1:29:38]} O-O {[%clk 1:27:28]} 10. Ne5
{[%clk 1:26:44]} Nd7 {[%clk 1:23:50]} 11. Qg4 {[%clk 1:22:33]} Nf6
{[%clk 0:48:34]} 12. Qh3 {[%clk 1:09:54]} Nd5 {[%clk 0:47:35]} 13. a3
{[%clk 1:04:47]} c5 {[%clk 0:45:04]} 14. Bd3 {[%clk 1:03:11]} f5 {[%clk 0:45:25]}
15. c4 {[%clk 1:03:00]} Nb6 {[%clk 0:39:23]} 16. dxc5 {[%clk 0:54:26]} Nd7
{[%clk 0:38:44]} 17. Bb2 {[%clk 0:49:21]} Nxe5 {[%clk 0:35:14]} 18. Bxe5
{[%clk 0:49:22]} Bxc5 {[%clk 0:34:29]} 19. Rad1 {[%clk 0:47:09]} Qe7
{[%clk 0:32:26]} 20. Qf3 {[%clk 0:42:52]} a5 {[%clk 0:23:53]} 21. Bc2
{[%clk 0:38:26]} a4 {[%clk 0:22:07]} 22. Rd3 {[%clk 0:37:18]} Ra7
{[%clk 0:13:58]} 23. Red1 {[%clk 0:34:52]} b6 {[%clk 0:12:36]} 24. Qf4
{[%clk 0:26:42]} Qe8 {[%clk 0:04:36]} 25. Bd6 {[%clk 0:14:24]} e5
{[%clk 0:01:54]} 26. Bxe5 {[%clk 0:13:41]} Re7 {[%clk 0:02:09]} 27. Bc3
{[%clk 0:11:03]} Re2 {[%clk 0:01:50]} 28. Rg3 {[%clk 0:05:42]} g6
{[%clk 0:02:18]} 29. Qh6 {[%clk 0:04:49]} Qf7 {[%clk 0:02:36]} 30. Bxa4
{[%clk 0:03:35]} Bxf2+ {[%clk 0:02:03]} 31. Kf1 {[%clk 0:04:01]} Bxg3
{[%clk 0:02:21]} 32. Kxe2 {[%clk 0:04:12]} Qxc4+ {[%clk 0:02:18]} 33. Rd3
{[%clk 0:04:31]} Qe4+ {[%clk 0:01:01]} 34. Re3 {[%clk 0:05:01]} Ba6+
{[%clk 0:01:22]} 35. Kd2 {[%clk 0:04:04]} Qxg2+ {[%clk 0:00:43]} 36. Kc1
{[%clk 0:04:15]} Qf1+ {[%clk 0:00:47]} 37. Kb2 {[%clk 0:04:19]} Be5
{[%clk 0:00:33]} 38. Bxe5 {[%clk 0:04:08]} Qg2+ {[%clk 0:00:41]} 39. Bc2
{[%clk 0:04:01]} Rf7 {[%clk 0:01:06]} 40. Bc3 {[%clk 0:01:48]} Bb5
{[%clk 0:00:34]} 41. Qf4 {[%clk 0:28:56]}  1-0

[Event "Marienbad Open 2022 - A1 GM Round Robin"]
[Site "Continental hotel, Marianske Lazne"]
[Date "2022.01.15"]
[Round "1"]
[Board "2"]
[White "Baenziger, Fabian"]
[Black "Mirzoev, Azer"]
[Result "1/2-1/2"]
[WhiteElo "2408"]
[BlackElo "2432"]
[PlyCount "59"]
[EventDate "2022.01.15"]
[EventRounds "9"]
[EventCountry "CZE"]

1. d4 d5 2. c4 e6 3. Nf3 Nf6 4. Nc3 Be7 5. Bg5 h6 6. Bh4 O-O 7. e3 Nbd7 8. Qc2
dxc4 9. Bxc4 a6 10. O-O c5 11. dxc5 Nxc5 12. Rfd1 Qe8 13. Be2 Bd7 14. Ne5 Bc6
15. Nxc6 Qxc6 16. Bf3 Qb6 17. Rab1 a5 18. Rd4 Rfd8 19. Rbd1 Rac8 20. Qe2 Kf8
21. Bg3 Ne8 22. Nb5 Bf6 23. Rxd8 Rxd8 24. Rxd8 Qxd8 25. Qc2 b6 26. Be2 Bh4 27.
Be5 Bf6 28. Bg3 Bh4 29. Be5 Bf6 30. Bg3  1/2-1/2

[Event "Marienbad Open 2022 - A1 GM Round Robin"]
[Site "Continental hotel, Marianske Lazne"]
[Date "2022.01.15"]
[Round "1"]
[Board "3"]
[White "Simacek, Pavel"]
[Black "Nemec, Jachym"]
[Result "1/2-1/2"]
[WhiteElo "2440"]
[BlackElo "2402"]
[PlyCount "62"]
[EventDate "2022.01.15"]
[EventRounds "9"]
[EventCountry "CZE"]

1. d4 Nf6 2. c4 c6 3. Nc3 d5 4. cxd5 cxd5 5. Bf4 a6 6. e3 Nc6 7. Bd3 Bg4 8.
Nge2 Bxe2 9. Qxe2 e6 10. O-O Bd6 11. Bxd6 Qxd6 12. Rac1 O-O 13. f4 g6 14. g4 b5
15. g5 Nh5 16. Qg2 Rac8 17. a4 b4 18. Nd1 Na5 19. Nf2 Rc6 20. Ng4 Rfc8 21. Rce1
Nc4 22. f5 exf5 23. Bxf5 R8c7 24. Bd3 b3 25. Rf3 Qe6 26. Ref1 Nd6 27. Ne5 Rc1
28. Qd2 Rxf1+ 29. Rxf1 Qh3 30. Qf2 a5 31. Qf3 Qe6  1/2-1/2

[Event "Marienbad Open 2022 - A1 GM Round Robin"]
[Site "Continental hotel, Marianske Lazne"]
[Date "2022.01.15"]
[Round "1"]
[Board "4"]
[White "Czerw, Dawid"]
[Black "Plat, Vojtech"]
[Result "0-1"]
[WhiteElo "2396"]
[BlackElo "2548"]
[PlyCount "110"]
[EventDate "2022.01.15"]
[EventRounds "9"]
[EventCountry "CZE"]

1. d4 g6 2. Nf3 Bg7 3. c4 Nf6 4. g3 d5 5. cxd5 Nxd5 6. Bg2 Nb6 7. O-O Nc6 8. e3
e5 9. dxe5 Qxd1 10. Rxd1 Nxe5 11. Nxe5 Bxe5 12. Nc3 c6 13. Bd2 Nc4 14. Bf1 Nxd2
15. Rxd2 Ke7 16. Bc4 Bg4 17. Kf1 Rhd8 18. Ke1 b5 19. Be2 Rxd2 20. Kxd2 Rd8+ 21.
Ke1 Be6 22. Rc1 f5 23. Bf3 Rd6 24. b3 a5 25. Ne2 Kd7 26. Nd4 Bxd4 27. exd4 a4
28. bxa4 bxa4 29. a3 Rxd4 30. Bxc6+ Kd6 31. Bb5 Bb3 32. Ke2 f4 33. Rc6+ Ke5 34.
Rc5+ Kf6 35. Bd3 Be6 36. f3 h5 37. Bc2 g5 38. gxf4 Rxf4 39. Ra5 Rh4 40. Bxa4
Rxh2+ 41. Kf1 h4 42. Kg1 Rd2 43. Be8 Bd5 44. Bh5 h3 45. Bg4 Ke5 46. Bxh3 Kf4
47. Bg4 Bc4 48. Bh5 g4 49. Bxg4 Kg3 50. f4 Kxg4 51. Rg5+ Kf3 52. f5 Bd5 53. f6
Rd1+ 54. Kh2 Kf2 55. Kh3 Bf3  0-1

[Event "Marienbad Open 2022 - A1 GM Round Robin"]
[Site "Continental hotel, Marianske Lazne"]
[Date "2022.01.16"]
[Round "2"]
[Board "1"]
[White "Noe, Christopher"]
[Black "Lim, Zhuo Ren"]
[Result "1/2-1/2"]
[WhiteElo "2530"]
[BlackElo "2311"]
[PlyCount "76"]
[EventDate "2022.01.15"]
[EventRounds "9"]
[EventCountry "CZE"]

1. d4 Nf6 2. c4 e6 3. Nf3 d5 4. Nbd2 c5 5. cxd5 exd5 6. g3 Nc6 7. Bg2 cxd4 8.
O-O Bc5 9. Nb3 Bb6 10. Nfxd4 O-O 11. Be3 Re8 12. Nxc6 bxc6 13. Bd4 Ba6 14. Re1
Rb8 15. e3 Bc4 16. Bc3 Bxb3 17. axb3 Ne4 18. Bxe4 Rxe4 19. b4 Qg5 20. Qf3 h5
21. Rac1 Rbe8 22. Kg2 h4 23. Rcd1 R8e6 24. Rg1 Rg6 25. Kh1 Bc7 26. gxh4 Qxh4
27. h3 Ree6 28. b5 cxb5 29. Rxg6 Rxg6 30. Rxd5 Qc4 31. Rd1 b4 32. Bd4 a5 33.
Rg1 Qe6 34. Rxg6 Qxg6 35. Qb7 Qb1+ 36. Kg2 Qg6+ 37. Kh1 Qb1+ 38. Kg2 Qg6+
 1/2-1/2

[Event "Marienbad Open 2022 - A1 GM Round Robin"]
[Site "Continental hotel, Marianske Lazne"]
[Date "2022.01.16"]
[Round "2"]
[Board "2"]
[White "Plat, Vojtech"]
[Black "Gungl, Theo"]
[Result "1-0"]
[WhiteElo "2548"]
[BlackElo "2368"]
[PlyCount "143"]
[EventDate "2022.01.15"]
[EventRounds "9"]
[EventCountry "CZE"]

1. d4 d5 2. c4 c6 3. Nc3 Nf6 4. cxd5 cxd5 5. Bf4 Nc6 6. e3 Bf5 7. Qb3 Na5 8.
Qa4+ Bd7 9. Qc2 Rc8 10. Bd3 e6 11. Nf3 Be7 12. Ne5 b5 13. Nxd7 Qxd7 14. Qe2 Nc4
15. O-O a6 16. a4 b4 17. Nb1 O-O 18. b3 Na5 19. Nd2 Rc3 20. Rfb1 Qa7 21. Be5
Ra8 22. Rb2 Qb6 23. Rd1 Nb7 24. Nb1 Rc6 25. Rc2 Rac8 26. Rxc6 Rxc6 27. Nd2 Nd6
28. f3 Nd7 29. Bg3 a5 30. Bf2 Qc7 31. e4 Nb6 32. e5 Ndc8 33. f4 Rc1 34. g4 Nd7
35. Kg2 Nf8 36. Nf3 Na7 37. f5 Rxd1 38. Qxd1 Qc3 39. Be1 Qc8 40. Bb1 Bd8 41.
Ng1 Nc6 42. Ne2 Qa6 43. Bf2 Qb6 44. Qd3 Qb7 45. h4 Qb6 46. Nf4 Ne7 47. Qf3 Qc6
48. h5 Qc1 49. Bd3 Nc6 50. fxe6 Nxe6 51. Nxd5 Qd2 52. Qe4 g6 53. Nf6+ Bxf6 54.
exf6 Ncxd4 55. Qa8+ Nf8 56. Bc4 Qf4 57. Bxf7+ Kxf7 58. Qa7+ Kxf6 59. Qxd4+ Qxd4
60. Bxd4+ Kg5 61. Bb6 gxh5 62. gxh5 Nd7 63. Bxa5 Nc5 64. Bxb4 Nxb3 65. Kf3 Nd4+
66. Ke4 Nc6 67. Bd2+ Kxh5 68. Kd5 Na7 69. Be3 Nc8 70. Bc5 Kg4 71. Kc6 h5 72.
Kb7  1-0

[Event "Marienbad Open 2022 - A1 GM Round Robin"]
[Site "Continental hotel, Marianske Lazne"]
[Date "2022.01.16"]
[Round "2"]
[Board "3"]
[White "Nemec, Jachym"]
[Black "Czerw, Dawid"]
[Result "0-1"]
[WhiteElo "2402"]
[BlackElo "2396"]
[PlyCount "92"]
[EventDate "2022.01.15"]
[EventRounds "9"]
[EventCountry "CZE"]

1. d4 Nf6 2. c4 c5 3. d5 b5 4. cxb5 a6 5. bxa6 e6 6. dxe6 fxe6 7. e4 Nxe4 8.
Bd3 Nf6 9. Nf3 Bxa6 10. O-O Be7 11. Re1 O-O 12. Nc3 Nc6 13. Bxa6 Rxa6 14. Bg5
h6 15. Bh4 Nh5 16. Bxe7 Qxe7 17. Qd3 Ra7 18. Rad1 Nf4 19. Qd6 Qf7 20. Re3 c4
21. Rd2 Rb7 22. Ne1 Qe7 23. Ne4 Nd5 24. Ree2 Qxd6 25. Nxd6 Ra7 26. Nxc4 Rxa2
27. g3 Rb8 28. Nc2 Ra4 29. N2a3 Na5 30. Nxa5 Rxa5 31. Nc4 Ra4 32. Ne3 Nxe3 33.
Rxe3 Rb7 34. Red3 d5 35. f4 g6 36. Rc3 Rab4 37. Rcc2 Kf7 38. Kg2 Kf6 39. Re2
R7b6 40. Kf3 g5 41. Rcd2 gxf4 42. gxf4 Rc4 43. Kg4 Rb3 44. Rf2 h5+ 45. Kxh5 Kf5
46. Kh6 Rc7  0-1

[Event "Marienbad Open 2022 - A1 GM Round Robin"]
[Site "Continental hotel, Marianske Lazne"]
[Date "2022.01.16"]
[Round "2"]
[Board "4"]
[White "Mirzoev, Azer"]
[Black "Simacek, Pavel"]
[Result "1/2-1/2"]
[WhiteElo "2432"]
[BlackElo "2440"]
[PlyCount "22"]
[EventDate "2022.01.15"]
[EventRounds "9"]
[EventCountry "CZE"]

1. Nf3 Nf6 2. c4 c5 3. g3 g6 4. b3 Bg7 5. Bb2 Nc6 6. Bg2 d6 7. O-O O-O 8. Nc3
Bg4 9. h3 Bd7 10. d4 cxd4 11. Nxd4 Rc8  1/2-1/2

[Event "Marienbad Open 2022 - A1 GM Round Robin"]
[Site "Continental hotel, Marianske Lazne"]
[Date "2022.01.16"]
[Round "2"]
[Board "5"]
[White "Stalmach, Richard"]
[Black "Baenziger, Fabian"]
[Result "0-1"]
[WhiteElo "2308"]
[BlackElo "2408"]
[PlyCount "64"]
[EventDate "2022.01.15"]
[EventRounds "9"]
[EventCountry "CZE"]

1. d4 d5 2. Nf3 Nf6 3. c4 c6 4. Nc3 e6 5. Bg5 h6 6. Bh4 dxc4 7. e4 g5 8. Bg3 b5
9. h4 g4 10. Ne5 Nbd7 11. Be2 Bb7 12. Nxd7 Qxd7 13. Be5 Qe7 14. b3 Rg8 15. Qc2
Nd7 16. Bg3 e5 17. d5 cxd5 18. Nxd5 Qc5 19. bxc4 f5 20. Rb1 a6 21. h5 Rc8 22.
Bh4 f4 23. a4 Ba8 24. axb5 axb5 25. Qd1 f3 26. gxf3 gxf3 27. Bxf3 Qxc4 28. Qe2
Bxd5 29. exd5 Bb4+ 30. Kf1 Be7 31. Be4 Bxh4 32. Rxh4 Rg1+  0-1

[Event "Marienbad Open 2022 - A1 GM Round Robin"]
[Site "Continental hotel, Marianske Lazne"]
[Date "2022.01.17"]
[Round "3"]
[Board "1"]
[White "Baenziger, Fabian"]
[Black "Noe, Christopher"]
[Result "1/2-1/2"]
[WhiteElo "2408"]
[BlackElo "2530"]
[PlyCount "53"]
[EventDate "2022.01.15"]
[EventRounds "9"]
[EventCountry "CZE"]

1. d4 Nf6 2. c4 e6 3. Nc3 Bb4 4. e3 O-O 5. Bd3 c5 6. Nf3 d5 7. O-O cxd4 8. exd4
dxc4 9. Bxc4 b6 10. Qa4 Be7 11. Rd1 Bd7 12. Qc2 Bc6 13. Ne5 Bb7 14. Bg5 Nc6 15.
Nxc6 Bxc6 16. Bxf6 Bxf6 17. d5 exd5 18. Nxd5 Rc8 19. Qb3 Bxd5 20. Bxd5 Qc7 21.
Rd2 Qf4 22. Rad1 Rc1 23. Rxc1 Qxd2 24. Rd1 Qe2 25. Bc4 Qe7 26. Qb5 Rd8 27.
Rxd8+  1/2-1/2

[Event "Marienbad Open 2022 - A1 GM Round Robin"]
[Site "Continental hotel, Marianske Lazne"]
[Date "2022.01.17"]
[Round "3"]
[Board "2"]
[White "Simacek, Pavel"]
[Black "Stalmach, Richard"]
[Result "1-0"]
[WhiteElo "2440"]
[BlackElo "2308"]
[PlyCount "83"]
[EventDate "2022.01.15"]
[EventRounds "9"]
[EventCountry "CZE"]

1. d4 d5 2. c4 c6 3. Nf3 Nf6 4. e3 e6 5. Nbd2 Nbd7 6. Bd3 Bd6 7. e4 e5 8. cxd5
cxd5 9. exd5 O-O 10. O-O exd4 11. Ne4 Qb6 12. Nxd6 Qxd6 13. Nxd4 Qxd5 14. Nb5
Ne5 15. Be2 Bf5 16. Bg5 Qxd1 17. Rfxd1 Ned7 18. Nd6 Be6 19. Bf3 Rab8 20. Bf4 b6
21. Nb5 Rbc8 22. Nxa7 Rc2 23. b3 Nc5 24. Nb5 Bg4 25. Nd4 Bxf3 26. Nxc2 Bxd1 27.
Rxd1 Nfe4 28. Be5 f6 29. Bb2 Re8 30. f3 Ng5 31. Kf2 Nge6 32. Bc1 Nc7 33. Nb4
Ra8 34. Be3 Nb5 35. Rc1 Nd7 36. a4 Na7 37. Rc7 Ne5 38. Ke2 Nc8 39. Nd5 Nd6 40.
Nxb6 Re8 41. Kd2 Nf5 42. Rc8  1-0

[Event "Marienbad Open 2022 - A1 GM Round Robin"]
[Site "Continental hotel, Marianske Lazne"]
[Date "2022.01.17"]
[Round "3"]
[Board "3"]
[White "Czerw, Dawid"]
[Black "Mirzoev, Azer"]
[Result "1/2-1/2"]
[WhiteElo "2396"]
[BlackElo "2432"]
[PlyCount "155"]
[EventDate "2022.01.15"]
[EventRounds "9"]
[EventCountry "CZE"]

1. d4 d5 2. c4 dxc4 3. Nf3 Nf6 4. e3 Bg4 5. Bxc4 e6 6. Nc3 a6 7. h3 Bh5 8. g4
Bg6 9. Ne5 Nbd7 10. Nxg6 hxg6 11. Bf1 c5 12. Bg2 Rb8 13. dxc5 Bxc5 14. g5 Ng8
15. Ne4 Ne7 16. Bd2 Nf5 17. Bc3 Be7 18. h4 Rxh4 19. Rxh4 Nxh4 20. Qg4 Nxg2+ 21.
Qxg2 Nc5 22. Nxc5 Bxc5 23. Qh2 Qd6 24. Be5 Bb4+ 25. Kf1 Qd3+ 26. Kg1 Rd8 27.
Qh8+ Kd7 28. Qxg7 Rf8 29. Rc1 Bd6 30. Bxd6 Qxd6 31. Qf6 Qd5 32. Qf4 e5 33. Qa4+
Qb5 34. Qxb5+ axb5 35. Rc5 Ra8 36. Rxb5 Rxa2 37. Rxb7+ Ke6 38. Kg2 e4 39. Kg3
Ra5 40. Rb6+ Ke7 41. Kg4 Rf5 42. Rf6 Rb5 43. Rf4 Rxb2 44. Rxe4+ Kf8 45. f3 Rb1
46. Ra4 Rb3 47. Kf4 Kg7 48. e4 Rc3 49. Ra7 Rb3 50. Kg4 Rb1 51. Ra3 Rb4 52. Rd3
Ra4 53. Kf4 Ra5 54. Kg4 Ra1 55. f4 Rg1+ 56. Kf3 Rf1+ 57. Ke3 Re1+ 58. Kd4 Rf1
59. Ke5 Re1 60. Rf3 Re2 61. Rf1 Re3 62. Kd4 Re2 63. Kd3 Rg2 64. Ke3 Rg3+ 65.
Kf2 Rh3 66. Re1 Ra3 67. Re3 Ra1 68. f5 gxf5 69. exf5 Ra5 70. Rf3 Ra1 71. Kg3
Rg1+ 72. Kf4 Ra1 73. Kg4 Rg1+ 74. Rg3 Ra1 75. Rh3 Rg1+ 76. Kh5 f6 77. gxf6+
Kxf6 78. Ra3  1/2-1/2

[Event "Marienbad Open 2022 - A1 GM Round Robin"]
[Site "Continental hotel, Marianske Lazne"]
[Date "2022.01.17"]
[Round "3"]
[Board "4"]
[White "Gungl, Theo"]
[Black "Nemec, Jachym"]
[Result "1-0"]
[WhiteElo "2368"]
[BlackElo "2402"]
[PlyCount "79"]
[EventDate "2022.01.15"]
[EventRounds "9"]
[EventCountry "CZE"]

1. e4 c5 2. Nf3 d6 3. d4 cxd4 4. Nxd4 Nf6 5. Nc3 a6 6. Bg5 Nbd7 7. Qe2 h6 8.
Bh4 g6 9. f4 e5 10. fxe5 dxe5 11. O-O-O Qc7 12. Nb3 b5 13. Qf3 Bg7 14. g4 Bb7
15. Bd3 O-O 16. Rhf1 b4 17. Nd5 Nxd5 18. exd5 Qd6 19. Na5 Nc5 20. Be4 Rae8 21.
Be1 Bc8 22. Bxb4 Nd3+ 23. Qxd3 Qxb4 24. Nc6 Qa4 25. d6 Bxg4 26. Ne7+ Kh8 27.
Bc6 Qxa2 28. Bxe8 Rxe8 29. Qd5 Qa1+ 30. Kd2 Qxb2 31. Rb1 Qa3 32. Rb3 Qa4 33.
Rxf7 e4 34. Nxg6+ Kh7 35. Ne7 Rd8 36. Qe5 Rxd6+ 37. Qxd6 Qa5+ 38. Rb4 Qg5+ 39.
Qf4 e3+ 40. Qxe3  1-0

[Event "Marienbad Open 2022 - A1 GM Round Robin"]
[Site "Continental hotel, Marianske Lazne"]
[Date "2022.01.17"]
[Round "3"]
[Board "5"]
[White "Lim, Zhuo Ren"]
[Black "Plat, Vojtech"]
[Result "0-1"]
[WhiteElo "2311"]
[BlackElo "2548"]
[PlyCount "64"]
[EventDate "2022.01.15"]
[EventRounds "9"]
[EventCountry "CZE"]

1. c4 g6 2. Nc3 Bg7 3. Nf3 e5 4. d4 exd4 5. Nxd4 Nc6 6. Nxc6 bxc6 7. e4 Ne7 8.
Be2 O-O 9. O-O d6 10. c5 d5 11. Bg5 h6 12. Bxe7 Qxe7 13. exd5 Qxc5 14. dxc6 Rb8
15. Rc1 Be6 16. Na4 Qg5 17. Rc5 Qe7 18. b3 Rfd8 19. Qe1 Bd4 20. Rb5 Rxb5 21.
Bxb5 Qg5 22. Bc4 Bxc4 23. bxc4 Qf6 24. Qe2 Qxc6 25. Qc2 Qf6 26. Rb1 Rd6 27. h3
Ra6 28. Rb5 Rxa4 29. Qxa4 Qxf2+ 30. Kh2 Qf4+ 31. Kh1 Qf1+ 32. Kh2 Bg1+  0-1

[Event "Marienbad Open 2022 - A1 GM Round Robin"]
[Site "Continental hotel, Marianske Lazne"]
[Date "2022.01.18"]
[Round "4"]
[Board "1"]
[White "Noe, Christopher"]
[Black "Plat, Vojtech"]
[Result "1/2-1/2"]
[WhiteElo "2530"]
[BlackElo "2548"]
[PlyCount "85"]
[EventDate "2022.01.15"]
[EventRounds "9"]
[EventCountry "CZE"]

1. d4 g6 2. c4 Nf6 3. f3 c5 4. d5 d6 5. e4 Bg7 6. Nc3 O-O 7. Nge2 a6 8. a4 e6
9. Ng3 exd5 10. cxd5 Nbd7 11. Be2 h5 12. O-O h4 13. Nh1 Nh5 14. Be3 f5 15. f4
Qe8 16. Nf2 Ndf6 17. e5 dxe5 18. fxe5 Qxe5 19. Bxc5 Re8 20. Bf3 Qc7 21. Nd3 Bf8
22. Bxf8 Kxf8 23. Qb3 Qd6 24. Qc4 h3 25. gxh3 Bd7 26. Qd4 Kg8 27. Kh1 Re7 28.
Qc5 Qxc5 29. Nxc5 Rb8 30. Rae1 Rh7 31. Bg2 Rc8 32. Nxb7 Rc4 33. Rf2 Nf4 34. Bf1
Nxh3 35. Bxc4 Nxf2+ 36. Kg1 N6g4 37. d6+ Kh8 38. Re7 Rxh2 39. Bd5 Nh3+ 40. Kf1
Nf4 41. Nc5 Nxd5 42. Nxd5 Rd2 43. Rxd7  1/2-1/2

[Event "Marienbad Open 2022 - A1 GM Round Robin"]
[Site "Continental hotel, Marianske Lazne"]
[Date "2022.01.18"]
[Round "4"]
[Board "2"]
[White "Nemec, Jachym"]
[Black "Lim, Zhuo Ren"]
[Result "0-1"]
[WhiteElo "2402"]
[BlackElo "2311"]
[PlyCount "92"]
[EventDate "2022.01.15"]
[EventRounds "9"]
[EventCountry "CZE"]

1. d4 Nf6 2. c4 e6 3. Nc3 Bb4 4. e3 O-O 5. Bd3 d5 6. Nf3 dxc4 7. Bxc4 c5 8. O-O
Nc6 9. a3 Ba5 10. Qd3 a6 11. Rd1 b5 12. Ba2 c4 13. Qe2 Qe8 14. e4 e5 15. d5 Nd4
16. Nxd4 exd4 17. Rxd4 Bb6 18. Be3 Ng4 19. Rd2 Bxe3 20. fxe3 Qe5 21. g3 Qg5 22.
Nd1 h5 23. Nf2 Ne5 24. b3 Bg4 25. Nxg4 hxg4 26. Rdd1 c3 27. b4 Nf3+ 28. Kh1 Qe5
29. Bb1 Rfd8 30. Bc2 Rd6 31. Rg1 Nxh2 32. Qxh2 Rh6 33. Qxh6 gxh6 34. Raf1 Qg5
35. Rf4 a5 36. bxa5 Rxa5 37. d6 Qg6 38. Rd1 Ra8 39. d7 Rd8 40. Bb3 Qh5+ 41. Kg1
Qh3 42. Rxf7 Qxg3+ 43. Kf1 Kh8 44. Ke2 Qg2+ 45. Rf2 Qxe4 46. Rd6 c2  0-1

[Event "Marienbad Open 2022 - A1 GM Round Robin"]
[Site "Continental hotel, Marianske Lazne"]
[Date "2022.01.18"]
[Round "4"]
[Board "3"]
[White "Mirzoev, Azer"]
[Black "Gungl, Theo"]
[Result "1/2-1/2"]
[WhiteElo "2432"]
[BlackElo "2368"]
[PlyCount "68"]
[EventDate "2022.01.15"]
[EventRounds "9"]
[EventCountry "CZE"]

1. d4 d5 2. c4 c6 3. Nf3 Nf6 4. Qc2 dxc4 5. Qxc4 Bg4 6. Nbd2 Nbd7 7. g3 e6 8.
Bg2 Be7 9. O-O Bh5 10. Qb3 Qb6 11. Nc4 Qa6 12. Bd2 O-O 13. Rfc1 Nb6 14. e3 Nxc4
15. Qxc4 Qxc4 16. Rxc4 Rfd8 17. Ne5 Nd7 18. Ba5 Nxe5 19. Bxd8 Nxc4 20. Bxe7 a5
21. Rc1 Nd2 22. h4 f5 23. Bd6 h6 24. Bc7 a4 25. Rc5 Nf3+ 26. Kh1 Ne1 27. a3 Be2
28. Kg1 Nf3+ 29. Kh1 g5 30. Ra5 Rxa5 31. Bxa5 gxh4 32. Bxf3 Bxf3+ 33. Kh2 hxg3+
34. fxg3 Kf7  1/2-1/2

[Event "Marienbad Open 2022 - A1 GM Round Robin"]
[Site "Continental hotel, Marianske Lazne"]
[Date "2022.01.18"]
[Round "4"]
[Board "4"]
[White "Stalmach, Richard"]
[Black "Czerw, Dawid"]
[Result "1/2-1/2"]
[WhiteElo "2308"]
[BlackElo "2396"]
[PlyCount "90"]
[EventDate "2022.01.15"]
[EventRounds "9"]
[EventCountry "CZE"]

1. d4 Nf6 2. c4 e6 3. Nf3 d5 4. Nc3 dxc4 5. e4 b5 6. e5 Nd5 7. Nxb5 Nb6 8. Be3
Nc6 9. Rc1 Bb4+ 10. Nc3 O-O 11. h4 Bb7 12. h5 h6 13. a3 Ba5 14. Rh3 Ne7 15. g4
Ned5 16. Bd2 Nxc3 17. bxc3 f6 18. Be2 Bd5 19. Rg3 Nd7 20. Qc2 fxe5 21. g5 exd4
22. gxh6 d3 23. Bxd3 cxd3 24. Qxd3 Rf7 25. Bg5 Nc5 26. Qe3 Qd6 27. Ne5 Rf5 28.
Bf4 Rxe5 29. Bxe5 Nd3+ 30. Qxd3 Qxe5+ 31. Kf1 Qe4 32. Rxg7+ Kh8 33. Qxe4 Bxe4
34. Re7 Bf5 35. Ke2 Rf8 36. f3 Bb6 37. c4 Bc5 38. Rxc7 Bxa3 39. Ra1 Bb2 40.
Raxa7 Bd4 41. Ra2 Rg8 42. Rd2 Rg2+ 43. Kd1 Rg1+ 44. Ke2 Rg2+ 45. Kd1 Rg1+
 1/2-1/2

[Event "Marienbad Open 2022 - A1 GM Round Robin"]
[Site "Continental hotel, Marianske Lazne"]
[Date "2022.01.18"]
[Round "4"]
[Board "5"]
[White "Baenziger, Fabian"]
[Black "Simacek, Pavel"]
[Result "1/2-1/2"]
[WhiteElo "2408"]
[BlackElo "2440"]
[PlyCount "94"]
[EventDate "2022.01.15"]
[EventRounds "9"]
[EventCountry "CZE"]

1. d4 Nf6 2. c4 e6 3. Nc3 Bb4 4. e3 O-O 5. Bd3 d5 6. Nf3 dxc4 7. Bxc4 c5 8. O-O
cxd4 9. exd4 b6 10. Bg5 Bb7 11. Re1 Nc6 12. a3 Be7 13. Qd3 Nd5 14. Bxd5 Bxg5
15. Be4 h6 16. Rad1 Bf6 17. d5 Na5 18. dxe6 Qxd3 19. exf7+ Rxf7 20. Bxd3 Bxf3
21. gxf3 Bxc3 22. bxc3 Rc8 23. Be4 Kf8 24. Rd4 Re7 25. Red1 Nb3 26. Rd6 Nc5 27.
Bg6 Re6 28. Rxe6 Nxe6 29. Bf5 Rc6 30. Bxe6 Rxe6 31. Rd7 a5 32. Rb7 Rc6 33. c4
Rxc4 34. Rxb6 Rc3 35. Kg2 Rxa3 36. Rb7 a4 37. Ra7 Ra1 38. h4 a3 39. h5 Kg8 40.
Kh2 Kh7 41. Kg2 Ra2 42. Ra8 g5 43. Ra7+ Kg8 44. Ra6 Kg7 45. Ra7+ Kg8 46. Ra6
Kg7 47. Ra7+ Kg8  1/2-1/2

[Event "Marienbad Open 2022 - A1 GM Round Robin"]
[Site "Continental hotel, Marianske Lazne"]
[Date "2022.01.18"]
[Round "5"]
[Board "1"]
[White "Simacek, Pavel"]
[Black "Noe, Christopher"]
[Result "1/2-1/2"]
[WhiteElo "2440"]
[BlackElo "2530"]
[PlyCount "34"]
[EventDate "2022.01.15"]
[EventRounds "9"]
[EventCountry "CZE"]

1. d4 Nf6 2. c4 e6 3. Nc3 Bb4 4. Qc2 c5 5. Nf3 cxd4 6. Nxd4 Nc6 7. Nxc6 dxc6 8.
a3 Be7 9. e3 e5 10. Be2 O-O 11. O-O Be6 12. b3 Qc8 13. Bb2 Bf5 14. e4 Be6 15.
b4 Qc7 16. Rfd1 Rfd8 17. c5 Rxd1+  1/2-1/2

[Event "Marienbad Open 2022 - A1 GM Round Robin"]
[Site "Continental hotel, Marianske Lazne"]
[Date "2022.01.18"]
[Round "5"]
[Board "2"]
[White "Czerw, Dawid"]
[Black "Baenziger, Fabian"]
[Result "1/2-1/2"]
[WhiteElo "2396"]
[BlackElo "2408"]
[PlyCount "58"]
[EventDate "2022.01.15"]
[EventRounds "9"]
[EventCountry "CZE"]

1. d4 d5 2. c4 c6 3. Nf3 Nf6 4. g3 Bg4 5. Ne5 Bf5 6. cxd5 cxd5 7. Nc3 Nc6 8. f3
g6 9. Bg2 Bg7 10. O-O O-O 11. Nxc6 bxc6 12. Be3 Nd7 13. Rc1 e5 14. Na4 Qf6 15.
dxe5 Nxe5 16. b3 d4 17. Bxd4 Nxf3+ 18. Bxf3 Qxd4+ 19. Qxd4 Bxd4+ 20. Kg2 Rae8
21. Rxc6 Be4 22. Rc4 Bxf3+ 23. Kxf3 Re3+ 24. Kf4 g5+ 25. Kxg5 Bg7 26. Rfc1 Rxe2
27. R1c2 Rfe8 28. Kg4 R8e4+ 29. Kh3 Bf6  1/2-1/2

[Event "Marienbad Open 2022 - A1 GM Round Robin"]
[Site "Continental hotel, Marianske Lazne"]
[Date "2022.01.18"]
[Round "5"]
[Board "3"]
[White "Gungl, Theo"]
[Black "Stalmach, Richard"]
[Result "1-0"]
[WhiteElo "2368"]
[BlackElo "2308"]
[PlyCount "71"]
[EventDate "2022.01.15"]
[EventRounds "9"]
[EventCountry "CZE"]

1. d4 Nf6 2. c4 g6 3. Nc3 Bg7 4. Nf3 O-O 5. g3 d6 6. Bg2 Nc6 7. O-O a6 8. h3
Rb8 9. a4 e5 10. d5 Na5 11. Nd2 c5 12. dxc6 bxc6 13. Rb1 Be6 14. b4 Nxc4 15.
Nxc4 Bxc4 16. Bxc6 d5 17. Bg5 Qd6 18. b5 Rfd8 19. Qc2 Qe6 20. Rfd1 axb5 21.
axb5 Rdc8 22. Qa4 d4 23. Bxf6 Bxf6 24. Ne4 Bxe2 25. Re1 Be7 26. Qa7 d3 27. Bd7
Qd5 28. Bxc8 Rxc8 29. b6 Qd8 30. b7 Rb8 31. Rec1 Kg7 32. Qxb8 Qxb8 33. Rc8 Qa7
34. b8=Q Qd4 35. Qb7 Ba3 36. Rc7  1-0